हिन्दोस्तां हमारा / (Record no. 118369)

MARC details
000 -LEADER
fixed length control field 01143nam a22002777a 4500
003 - CONTROL NUMBER IDENTIFIER
control field dpl
005 - DATE AND TIME OF LATEST TRANSACTION
control field 20190606123749.0
008 - FIXED-LENGTH DATA ELEMENTS--GENERAL INFORMATION
fixed length control field 190606b ||||| |||| 00| 0 eng d
010 ## - LIBRARY OF CONGRESS CONTROL NUMBER
LC control number A-968181
020 ## - INTERNATIONAL STANDARD BOOK NUMBER
Terms of availability 150.00
International Standard Book Number 8170282845
035 ## - SYSTEM CONTROL NUMBER
System control number A-968181, A-968185
037 ## - SOURCE OF ACQUISITION
Source of stock number/acquisition Cen Lib/Ret
040 ## - CATALOGING SOURCE
Original cataloging agency DPL
Language of cataloging HN
Transcribing agency 0
082 ## - DEWEY DECIMAL CLASSIFICATION NUMBER
Classification number 822
Item number कमले
100 ## - MAIN ENTRY--PERSONAL NAME
Personal name कमलेश्वर
9 (RLIN) 79761
245 ## - TITLE STATEMENT
Title हिन्दोस्तां हमारा /
Statement of responsibility, etc कमलेश्वर
246 ## - VARYING FORM OF TITLE
Title proper/short title Hindostan hamara /
Remainder of title by Kamleshwar
260 ## - PUBLICATION, DISTRIBUTION, ETC. (IMPRINT)
Place of publication, distribution, etc दिल्ली
Name of publisher, distributor, etc राजपाल एंड सन्ज़
Date of publication, distribution, etc 2000
270 ## - ADDRESS
City दिल्ली
Address कश्मीरी गेट
Postal code 110006
300 ## - PHYSICAL DESCRIPTION
Extent 175पृ.
Dimensions 20सेमी(सजिल्द)
650 ## - SUBJECT ADDED ENTRY--TOPICAL TERM
Topical term or geographic name as entry element भारत - राजनीति और सरकार - 1919-1947
9 (RLIN) 79762
650 ## - SUBJECT ADDED ENTRY--TOPICAL TERM
Topical term or geographic name as entry element राष्ट्रवाद - भारत - इतिहास
9 (RLIN) 45054
650 ## - SUBJECT ADDED ENTRY--TOPICAL TERM
Topical term or geographic name as entry element India -- Politics and government -- 1919-1947
9 (RLIN) 79763
650 ## - SUBJECT ADDED ENTRY--TOPICAL TERM
Topical term or geographic name as entry element Nationalism -- India -- History
9 (RLIN) 12716
942 ## - ADDED ENTRY ELEMENTS (KOHA)
Source of classification or shelving scheme Dewey Decimal Classification
Koha item type Hindi Books
Classification part 822
Call number suffix कमले
Holdings
Withdrawn status Lost status Damaged status Not for loan Home library Current library Date acquired Source of acquisition Cost, normal purchase price Total Checkouts Full call number Barcode Date last seen Copy number Cost, replacement price Price effective from Koha item type Source of classification or shelving scheme Collection code
        Central Library Central Library 11/09/2015 Cen Lib/Ret 150.00   822 कमले A-968181 11/09/2015 1 150.00 11/09/2015 Hindi Books    
        Shahdara Branch Shahdara Branch 06/06/2019 BPPD/PUB 150.00   822 कमले A-968185 06/06/2019   150.00 06/06/2019 Hindi Books Dewey Decimal Classification Non-fiction

© Delhi Public Library
Hit Counter
free hit counter